Statistics for The Stages of Life

Click here to take the quiz!

General Stats

  • This quiz has been taken 16 times
  • The average score is 10 of 14

Answer Stats

HintAnswer% Correct
13-19Teenager / Adolescent
100%
1-3 YearsToddler
100%
19+Adult
93%
60+Elderly / Old / Senior Citizen
87%
1 Month-1 YearBaby
80%
4-10 YearsChild / Kid
80%
10-12 YearsPreteen / Tween / Preadolescent
80%
-0-EternityDead / Corpse
73%
Birth-1 MonthNew Born / Neonate
73%
9th Week-BirthFetus
53%
50-60Middleage
53%
15 Days-9th WeekEmbryo
47%
0-4 DaysZygote
27%
5-14 DaysBlastocyst
13%

Score Distribution

Percentile by Number Answered

Percent of People with Each Score

Your Score History

You have not taken this quiz